000 00894nam a2200265Ia 4500
003 OSt
005 20220928112517.0
006 a|||||r|||| 00| 0
007 ta
008 220927b |||||||| |||| 00| 0 eng d
020 _c350
024 _a124924
037 _b3382, 19/11/2014, R.K. Book Universal
_cTextual
040 _aSDCL
_cSDCL
_beng
041 _2eng
_aeng
082 _aD6,8(B289MATLAB), Q4
100 _aNavas K.A.
_9428425
245 0 _aLab primer through matlab
_b Digital signal processing, digital image processing, digital signal processor and digital communication.
260 _aDelhi
_bPHI learning P. Ltd.
_c2014
300 _aix;345p.
_ccm.
650 _aI I C
700 _a Jayadevan R.
_9428426
942 _hD6,8(B289MATLAB), Q4
_cTEXL
_2CC
999 _c745016
_d745016